This Quiz Stinks! Stats

 Plays Quiz Updated Aug 14, 2015

Also try: This Book Stinks
Challenge
Share
Tweet
Embed
Score 0/18 Timer 04:00
0 Plays Today
Clue Answer % Correct
Christopher Robin's bear: Winnie-the-____POOH
92.1%
What you might sit on at a barSTOOL
88.2%
Mentioning important people in conversation: name-________DROPPING
85.3%
1950s children's TV show: Howdy _____DOODY
84.4%
A casino betting game using diceCRAPS
84.2%
Initials of 'Mandy' and 'Copacabana' singer or actor from 'Ghostbusters' and 'Lost in Translation'B.M.
81.5%
The deck above the aft cabin on a shipPOOP
77.1%
A style of improvised jazz singing, or what you might say to an unwanted catSCAT
74.8%
The most common form of unsliced breadLOAF
67.4%
Clue Answer % Correct
Old proverb: _____ not, want notWASTE
66.9%
A grade of pencil with moderately soft leadNUMBER TWO
55.7%
Cole Porter lyric: '__ __ that voodoo that you do so well.'DO DO
51.8%
A confection made from chocolate, butter, sugar and milkFUDGE
39.7%
Green Day album featuring 'Basket Case'DOOKIE
38.2%
Burt Reynolds' SNL alter ego FergusonTURD
34.5%
A spot in one's field of vision, caused by a flaw in the eye's vitreous humorFLOATER
26.5%
A social or political trend, or a subdivision of a symphonyMOVEMENT
21.9%
Renowned São Paulo footballer, formerly with AC Milan and Real MadridKAKÁ
18.5%

You're not logged in!

Compare scores with friends on all Sporcle quizzes.
OR
Log In

You Might Also Like...

Show Comments

Extras

Top Quizzes Today


Score Distribution

Your Account Isn't Verified!

In order to create a playlist on Sporcle, you need to verify the email address you used during registration. Go to your Sporcle Settings to finish the process.

Report this User

Report this user for behavior that violates our Community Guidelines.

Details: